SPSS Base 7.5 for Windows user's guide

Αποθηκεύτηκε σε:
Λεπτομέρειες βιβλιογραφικής εγγραφής
Συγγραφή απο Οργανισμό/Αρχή: SPSS Inc
Μορφή: Βιβλίο
Γλώσσα:English
Δημοσίευση: Chicago : SPSS Inc., 1997.
Θέματα:
Ετικέτες: Προσθήκη ετικέτας
Δεν υπάρχουν, Καταχωρήστε ετικέτα πρώτοι!

MARC

LEADER 00000cam a2200000 i 4500
001 1/55092
008 070918s1997 ilu| ||| |||| ||eng||
020 |a 0136572146 
035 |l 10090766 
040 |a GR-MyUa  |b gre  |e AACR2 
041 0 |a eng 
082 7 |a 005.55   |2 (22) 
245 0 0 |a SPSS Base 7.5 for Windows user's guide /   |c SPSS Inc.  
260 |a Chicago :   |b SPSS Inc.,   |c 1997.  
300 |a xxvi, 628 σ. :   |b εικ. ;   |c 23 εκ.  
500 |a Περιλαμβάνει ευρετήριο. 
630 0 0 |a SPSS for Windows. 
650 0 |a Social sciences  |x Statistical methods  |x Computer programs. 
710 2 |a SPSS Inc. 
852 |a INST  |b CHIOS  |e 20070918  |h 005.55 SPS  |p 005200028881  |q 005200028881  |t BK  |y 0 
901 |a BIBL2-2007-3 
970 |a ΑΤΣΑΛΗ  |b ΔΕΣΠΟΙΝΑ  |z 2007/09/18